Pokonaj ludzkość, zgadując państwa - Statystyki

Ogólne statystyki
  • Ten quiz został rozwiązany 10 772 razy
  • Średni wynik to 98 z 212
Odpowiedzi na mapie
Odpowiedzi zakodowano w zielono-czerwonej skali na mapie do tego quizu, zgodnie z poniższymi procentami.
 
Statystyki odpowiedzi
Ranking Moc Państwo % Poprawnych
#1-3 +12 Stany Zjednoczone | Rosja | Chiny
97%
#22-24 +8 Tajwan | Polska | Wietnam
90%
#7-9 +9 Francja | Wielka Brytania | Brazylia
89%
#13-15 +9 Egipt | Iran | Niemcy
86%
#19-21 +8 Australia | Izrael | Kanada
82%
#4-6 +10 Indie | Japonia | Korea Południowa
68%
#31-33 +7 Szwecja | Republika Południowej Afryki | Norwegia
63%
#16-18 +8 Indonezja | Arabia Saudyjska | Hiszpania
62%
#46-48 +6 Meksyk | Peru | Filipiny
57%
#10-12 +9 Pakistan | Turcja | Włochy
56%
#25-27 +8 Ukraina | Tajlandia | Algieria
55%
#40-42 +6 Singapur | Rumunia | Argentyna
48%
#61-63 +4 Serbia | Kazachstan | Chorwacja
41%
#79-81 +3 Sri Lanka | Boliwia | Demokratyczna Republika Konga
40%
#55-57 +5 Węgry | Finlandia | Irak
39%
#49-51 +5 Chile | Białoruś | Uzbekistan
37%
#34-36 +6 Czechy | Nigeria | Zjednoczone Emiraty Arabskie
36%
#100-102 +3 Armenia | Mongolia | Urugwaj
34%
#52-54 +5 Portugalia | Maroko | Dania
33%
#103-105 +2 Bahrajn | Niger | Mali
31%
#28-30 +7 Korea Północna | Grecja | Szwajcaria
29%
#124-126 +2 Kongo | Madagaskar | Mauretania
25%
#58-60 +5 Słowacja | Austria | Etiopia
25%
#76-78 +3 Kuba | Sudan | Jemen
24%
#70-72 +4 Libia | Kuwejt | Oman
24%
#37-39 +6 Holandia | Mjanma | Kolumbia
23%
#88-90 +3 Słowenia | Uganda | Czad
18%
#109-111 +2 Estonia | Sudan Południowy | Paragwaj
17%
#82-84 +3 Katar | Kenia | Nowa Zelandia
17%
#97-99 +3 Łotwa | Irlandia | Tadżykistan
17%
#85-87 +3 Litwa | Turkmenistan | Zambia
15%
#43-45 +6 Wenezuela | Malezja | Bangladesz
15%
#67-69 +4 Bułgaria | Belgia | Ekwador
14%
#130-132 +1 Panama | Republika Środkowoafrykańska | Gabon
14%
#73-75 +3 Tunezja | Jordania | Afganistan
14%
#64-66 +4 Azerbejdżan | Syria | Angola
12%
#112-114 +2 Tanzania | Albania | Honduras
9%
#115-117 +2 Wybrzeże Kości Słoniowej | Liban | Mozambik
9%
#106-108 +2 Botswana | Mołdawia | Kamerun
8%
#118-120 +2 Laos | Nepal | Nikaragua
8%
#136-138 +1 Sierra Leone | Somalia | Liberia
8%
#94-96 +3 Kambodża | Gwatemala | Ghana
7%
#127-129 +2 Namibia | Salwador | Burkina Faso
7%
#91-93 +3 Zimbabwe | Gruzja | Kirgistan
6%
#121-123 +2 Bośnia i Hercegowina | Dominikana | Czarnogóra
4%
#133-135 +1 Macedonia Północna | Erytrea | Surinam
4%
Nie znaleziono quizów pasujących do podanych kryteriów
Rozkład punktacji
Procent ludzi z każdym wynikiem
Percentyl według liczby udzielonych odpowiedzi
Twoja historia wyników
Nie rozwiązałeś tego quizu